|
|
|
|
| LEADER |
00000cam a2200000 c 4500 |
| 001 |
118882481 |
| 003 |
DE-627 |
| 005 |
20260206200204.0 |
| 007 |
tu |
| 008 |
921225s1991 gw ||||| 00| ||ger c |
| 015 |
|
|
|a 91,A31,0847
|2 dnb
|
| 016 |
7 |
|
|a 910932980
|2 DE-101
|
| 020 |
|
|
|a 9783451040160
|9 978-3-451-04016-0
|
| 020 |
|
|
|a 3451040166
|c : DM 15.80 (kart.)
|9 3-451-04016-6
|
| 035 |
|
|
|a (DE-627)118882481
|
| 035 |
|
|
|a (DE-603)01707603X
|
| 035 |
|
|
|a (DE-576)024473227
|
| 035 |
|
|
|a (DE-599)GBV118882481
|
| 035 |
|
|
|a (OCoLC)231214957
|
| 035 |
|
|
|a (OCoLC)26579168
|
| 035 |
|
|
|a (OCoLC)440223517
|
| 035 |
|
|
|a (DE-Rt5)1769941
|
| 040 |
|
|
|a DE-627
|b ger
|c DE-627
|e rda
|
| 041 |
|
|
|a ger
|
| 044 |
|
|
|c XA-DE
|c XA-CH
|c XA-AT
|
| 084 |
|
|
|a 33
|2 sdnb
|
| 084 |
|
|
|a 33
|a 11
|a 14
|2 sdnb
|
| 084 |
|
|
|a 1
|2 ssgn
|
| 084 |
|
|
|a BK 6135
|2 rvk
|0 (DE-625)rvk/11928:
|
| 084 |
|
|
|a BK 6130
|2 rvk
|0 (DE-625)rvk/11927:
|
| 084 |
|
|
|a 71.33
|2 bkl
|
| 100 |
1 |
|
|a Mieth, Dietmar
|d 1940-
|e VerfasserIn
|0 (DE-588)118820893
|0 (DE-627)079595162
|0 (DE-576)162235771
|4 aut
|
| 109 |
|
|
|a Mieth, Dietmar 1940-
|
| 245 |
1 |
0 |
|a Schwangerschaftsabbruch
|b die Herausforderung und die Alternativen
|c Dietmar und Irene Mieth
|
| 250 |
|
|
|a Originalausgabe
|
| 264 |
|
1 |
|a Freiburg
|a Basel
|a Wien
|b Herder
|c [1991]
|
| 264 |
|
4 |
|c © 1991
|
| 300 |
|
|
|a 176 Seiten
|c 19 cm
|
| 336 |
|
|
|a Text
|b txt
|2 rdacontent
|
| 337 |
|
|
|a ohne Hilfsmittel zu benutzen
|b n
|2 rdamedia
|
| 338 |
|
|
|a Band
|b nc
|2 rdacarrier
|
| 490 |
0 |
|
|a Herder-Spektrum
|v Band 4016
|
| 500 |
|
|
|a Literaturverzeichnis: Seite 174-176
|
| 505 |
8 |
|
|a Literaturverz. S. 174 - 176
|
| 505 |
8 |
|
|a Literaturverz. S. 174 - 176
|
| 583 |
1 |
|
|a Archivierung/Langzeitarchivierung gewährleistet
|f PEBW
|x XA-DE-BW
|2 pdager
|5 DE-31
|
| 583 |
1 |
|
|a Archivierung/Langzeitarchivierung gewährleistet
|f SSG
|x XA-DE-BW
|2 pdager
|5 DE-21
|
| 650 |
|
4 |
|a Abtreibung, Autonomie, Diskriminierung, Regelung, Widerstand, Solidarität, Zweifel
|
| 689 |
0 |
0 |
|d s
|0 (DE-588)4053732-8
|0 (DE-627)106165755
|0 (DE-576)209105348
|a Schwangerschaftsabbruch
|2 gnd
|
| 689 |
0 |
1 |
|d s
|0 (DE-588)4032081-9
|0 (DE-627)106262971
|0 (DE-576)208995544
|a Konflikt
|2 gnd
|
| 689 |
0 |
|
|5 DE-101
|
| 700 |
1 |
|
|a Mieth, Irene
|d 1943-2017
|e VerfasserIn
|0 (DE-588)109303415
|0 (DE-627)559460376
|0 (DE-576)289638119
|4 aut
|
| 856 |
4 |
2 |
|u http://d-nb.info/910932980/04
|m V:DE-603
|q application/pdf
|v 20130501
|x Verlag
|3 Inhaltsverzeichnis
|7 1
|
| 856 |
4 |
2 |
|u http://scans.hebis.de/HEBCGI/show.pl?01707603_toc.pdf
|m V:DE-603;B:DE-17
|q application/pdf
|3 Inhaltsverzeichnis
|7 1
|
| 935 |
|
|
|a mteo
|
| 935 |
|
|
|i Blocktest
|
| 935 |
|
|
|h HEB
|i 0501
|
| 935 |
|
|
|h HEB
|i 0503
|
| 936 |
r |
v |
|a BK 6135
|b Schwangerschaftsabbruch
|k Theologie und Religionswissenschaften
|k Theologische Ethik/Moraltheologie
|k Spezielle Moraltheologie/Spezielle Ethik
|k Verantwortung für Leib und Leben
|k Schwangerschaftsabbruch
|0 (DE-627)1272673758
|0 (DE-625)rvk/11928:
|0 (DE-576)202673758
|
| 936 |
r |
v |
|a BK 6130
|b Angriff auf das Leben (Mord, Selbstmord, Euthanasie)
|k Theologie und Religionswissenschaften
|k Theologische Ethik/Moraltheologie
|k Spezielle Moraltheologie/Spezielle Ethik
|k Verantwortung für Leib und Leben
|k Angriff auf das Leben (Mord, Selbstmord, Euthanasie)
|0 (DE-627)127070916X
|0 (DE-625)rvk/11927:
|0 (DE-576)20070916X
|
| 936 |
b |
k |
|a 71.33
|j Frau
|x Soziologie
|0 (DE-627)106412671
|
| 936 |
s |
n |
|a b100
|2 mzub
|
| 936 |
s |
n |
|a w200
|2 mzub
|
| 936 |
s |
n |
|a c200
|2 mzub
|
| 936 |
s |
n |
|a m200
|2 mzub
|
| 951 |
|
|
|a BO
|
| ELC |
|
|
|b 1
|
| LOK |
|
|
|0 000 xxxxxcx a22 zn 4500
|
| LOK |
|
|
|0 001 3356379658
|
| LOK |
|
|
|0 003 DE-627
|
| LOK |
|
|
|0 004 118882481
|
| LOK |
|
|
|0 005 20151116135857
|
| LOK |
|
|
|0 008 150728||||||||||||||||ger|||||||
|
| LOK |
|
|
|0 035
|a (DE-21-110)kd717
|
| LOK |
|
|
|0 040
|a DE-21-110
|c DE-627
|d DE-21-110
|
| LOK |
|
|
|0 689
|a s
|a Abtreibung
|
| LOK |
|
|
|0 852
|z Kein Bestand am IfK; Nachweis für KrimDok
|
| LOK |
|
|
|0 852
|a DE-21-110
|
| LOK |
|
|
|0 852 1
|9 00
|
| LOK |
|
|
|0 935
|a k110
|
| LOK |
|
|
|0 939
|a 28-07-15
|b l01
|
| ORI |
|
|
|a SA-MARC-krimdoka001.raw
|